| 000 | 00862nam a2200265 i 4500 | ||
|---|---|---|---|
| 001 | 187092 | ||
| 003 | SpMaBN | ||
| 005 | 20250701055406.0 | ||
| 008 | 170412e2008 sp |||| | spa d | ||
| 020 | _a978-84-96088-77-1 | ||
| 080 | _a329.055.2(460) | ||
| 080 | _a329.055.4(460) | ||
| 080 | _a32(460)"2004/..." | ||
| 100 | 1 |
_aMoa, Pío _d1948- _eaut _9226432 |
|
| 245 | 1 | 0 |
_aFalacias de la izquierda, silencios de la derecha / _cPío Moa. |
| 250 | _a2.ª ed. | ||
| 260 |
_aMadrid : _bLibroslibres, _c2008. |
||
| 300 |
_a234 páginas ; _c23 cm. |
||
| 650 | 7 |
_aDerecha (Política)- _zEspaña. _911601 |
|
| 650 | 0 | 4 |
_aIzquierda (Política)- _zEspaña _913926 |
| 651 | 4 |
_aEspaña- _xPolítica y gobierno- _y2004-2011 _98451 |
|
| 852 |
_aES-MaACL _cDEPO2 _hDonat. Carmen Zumárraga _jL-31414 |
||
| 942 |
_2udc _cMONOGRAFIA _n0 |
||
| 999 |
_c187092 _d187092 |
||